[Event "BEL-ch"]
[Site "Namur"]
[Date "2006.07.07"]
[Round "7"]
[White "Geirnaert, Steven"]
[Black "Mohandesi, Shahin"]
[Result "0-1"]
[WhiteElo "2357"]
[BlackElo "2246"]
[PlyCount "74"]
[EventDate "2006.07.01"]
[EventType "swiss"]
[EventRounds "9"]
[EventCountry "BEL"]

1. d4 d5 2. c4 e6 3. Nc3 Nf6 4. Nf3 Bb4 5. Bg5 dxc4 6. e4 b5 7. e5 (7. a4) 7...
h6 8. Bh4 g5 9. Nxg5 hxg5 10. Bxg5 Nbd7 11. Qf3 Rb8 12. Bxf6 Nxf6 13. Qxf6 Qxf6
14. exf6 Rh6 15. a4 a6 16. axb5 axb5 17. Be2 Bb7 18. O-O Bxc3 19. bxc3 Bd5 20.
f4 Rxf6 21. g3 Ke7 22. Bf3 Kd6 23. Bxd5 exd5 24. f5 b4 25. cxb4 Rxb4 26. g4 Rh6
27. Rf3 Rb2 28. h3 Rd2 29. Ra6+ c6 30. g5 Rh5 31. g6 fxg6 32. f6 Rf5 $4 (32...
Rg5+ 33. Kf1 (33. Kh1 Rd3) 33... Rd1+ 34. Ke2 (34. Kf2 Rdg1) 34... Rb1 35. f7
Rg2+) 33. Rxf5 $4 (33. Rxc6+ Kd7 34. Rc7+ Ke8 35. Ra3 Rd1+ $11) 33... gxf5 34.
Rxc6+ Kd7 35. f7 Ke7 36. Rf6 Kf8 37. Rxf5 c3 0-1

[Event "BEL-ch"]
[Site "Namur"]
[Date "2006.07.07"]
[Round "7"]
[White "Denayer, Eric"]
[Black "Geenen, Marc"]
[Result "1/2-1/2"]
[WhiteElo "2251"]
[BlackElo "2343"]
[PlyCount "60"]
[EventDate "2006.07.01"]
[EventType "swiss"]
[EventRounds "9"]
[EventCountry "BEL"]

1. Nf3 Nf6 2. b3 g6 3. Bb2 Bg7 4. c4 O-O 5. Nc3 c5 6. e3 d5 7. Nxd5 Nxd5 8.
Bxg7 Nxe3 9. fxe3 Kxg7 10. d4 Bg4 11. Be2 Qc7 12. O-O Nc6 13. Ng5 Bf5 14. d5
Ne5 15. e4 Bd7 16. Qd2 f6 17. Nf3 g5 18. Rad1 Rad8 19. Qc3 b6 20. h3 h6 21.
Nxe5 Qxe5 22. Qxe5 fxe5 23. Bg4 Bxg4 24. hxg4 Rf4 25. Rxf4 gxf4 26. Kf2 Rd6 27.
Rh1 Rg6 28. Kf3 Rg5 29. Rd1 Rg6 30. Rh1 Rg5 1/2-1/2

[Event "BEL-ch"]
[Site "Namur"]
[Date "2006.07.07"]
[Round "7"]
[White "Henris, Luc"]
[Black "Wiley, Tom E"]
[Result "1-0"]
[WhiteElo "2311"]
[BlackElo "2320"]
[PlyCount "63"]
[EventDate "2006.07.01"]
[EventType "swiss"]
[EventRounds "9"]
[EventCountry "BEL"]

1. e4 e6 2. d4 d5 3. e5 c5 4. c3 Nc6 5. Nf3 Bd7 6. Bd3 cxd4 7. cxd4 Qb6 8. O-O
Nxd4 9. Nbd2 Nc6 (9... Nxf3+ 10. Nxf3 Nh6 (10... Ne7 11. Be3 Qd8 12. Qb3 Nc6
13. Rac1 Qb8 14. Rfe1 Be7 15. Bb1 O-O 16. Qd3 g6 17. Bh6 f6 18. Bxf8 Qxf8 19.
a3 Qg7 20. exf6 Qxf6 21. b4 a6 22. Ba2 Kg7 23. Qe3 Bd6 24. Rcd1 Rf8 25. Re2 h6
26. Bb3 g5 27. h3 Qf4 28. Qxf4 Bxf4 29. Nd4 Nxd4 30. Rxd4 Rf7 31. Bd1 Kf6 32.
Re1 Bc6 33. Bb3 Re7 34. Rd3 Bc7 35. Rb1 Bb6 36. a4 Bc7 37. Bc2 Kg7 38. b5 axb5
39. axb5 Bd7 40. Bd1 Bb6 41. Bf3 Re8 42. Rd2 Ra8 43. Re2 Kf6 44. Bg4 Re8 45.
Rb3 Ra8 46. g3 Ra4 47. Kg2 Ke7 48. Rb1 Kd6 49. Rbe1 Ba5 50. Rxe6+ Bxe6 51.
Rxe6+ Kc5 52. Rxh6 Ra2 53. Rf6 Kxb5 54. Bc8 Kc5 55. Bxb7 Bd8 56. Rc6+ Kb4 57.
Rd6 Be7 58. Rxd5 Rb2 59. Ba6 Bc5 60. Rf5 Ra2 61. Bb7 Rc2 62. h4 gxh4 63. gxh4
Kc4 64. h5 Rb2 65. Bd5+ {
1-0 Nun,J (2440)-Karnik,P (2295)/Pardubice 1992/EXT 2000}) 11. Be3 Bc5 12. Bxh6
gxh6 13. Qd2 Bf8 14. Rac1 Bg7 15. Rc3 O-O 16. Rb3 Qc7 17. Bb1 Bc6 18. Re1 Rae8
19. Nd4 f5 20. f4 Qf7 21. Rc1 Rc8 22. Rbc3 Bd7 23. Rc7 Rxc7 24. Rxc7 Rb8 25.
Bd3 Qe8 26. Qa5 Rc8 27. Rxb7 Bf8 28. b4 Rc1+ 29. Kf2 Qc8 30. Qxa7 Qc3 31. Ne2
Qe1+ 32. Ke3 Bc6 33. Rb8 Rd1 34. Rxf8+ Kxf8 35. Qc5+ Kf7 36. Qxc6 d4+ 37. Kxd4
Qxb4+ 38. Qc4 Qb2+ 39. Kc5 Qa3+ 40. Kd4 Qb2+ 41. Kc5 Qa3+ {
1/2-1/2 Nun,J (2375)-Haba,P (2570)/Czechia 1998/EXT 99}) (9... Ne7 10. Nxd4
Qxd4 11. Nf3 Qa4 12. b3 Qa5 13. Bd2 Qd8 14. Re1 h6 15. b4 a6 16. a4 Nc6 17. Rb1
Be7 18. b5 axb5 19. axb5 Na5 20. Nd4 Nc4 21. Bxc4 dxc4 22. Qg4 g6 23. Qe4 Bc8
24. b6 Qd5 25. Nb5 Qxe4 26. Rxe4 Ra2 27. Rxc4 Bd7 28. Bc1 O-O 29. Nc3 Rc2 30.
Bxh6 Ra8 31. Rc7 Rd8 32. h3 Bc6 33. Rxe7 Rxc3 34. Bg5 Rcd3 35. Rc7 Rd1+ 36.
Rxd1 Rxd1+ 37. Kh2 Rd5 38. Bf6 g5 39. Rc8+ Kh7 40. Rh8+ Kg6 41. Rg8+ Kf5 42.
Rxg5+ Kf4 43. f3 Rd2 44. Rg4+ Ke3 45. Kg3 Rxg2+ 46. Kxg2 Bxf3+ 47. Kg3 {
1-0 Nun,J (2475)-Razuvaev,Y (2545)/Sochi 1989/CBM 16/[Knaak]}) 10. Nb3 Qc7 (
10... Nge7 11. Be3 Qc7 12. Rc1 Ng6 13. Nc5 Be7 (13... Bxc5 14. Bxc5 Ngxe5 15.
Nxe5 Qxe5 16. Qd2) 14. b4 Bxc5 (14... Qb8 15. Re1 Bc8 16. b5 Ncxe5 17. Nxe5
Nxe5 18. Bf4 Bd6 19. Bxe5 Bxe5 20. Qh5 Bf4 21. Rc2 g6 22. Qxd5 O-O 23. Qf3
Bxh2+ 24. Kh1 Bd6 25. Be4 Bxc5 26. Rxc5 Qd6 27. Rec1 Rb8 28. Qf6 Bd7 29. Rh5
Qd2 30. Rcc5 Qe1+ 31. Kh2 Qxe4 32. Rh4 Qd3 33. Rg5 Rbc8 34. Rh3 Qd6+ 35. f4 Rc5
36. Rh6 Rxg5 37. Qxg5 Qd4 {0-1 Baron Rodriguez,J (2422)-Matamoros Franco,C
(2522)/Campillos 2005/CBM 104 ext}) 15. Bxc5 Ngxe5 16. b5 Nxd3 17. Qxd3 Na5 18.
Rfe1 b6 19. Bb4 Qb7 20. Nd4 g6 21. Qf3 {
1-0 Nun,J (2420)-Brodsky,M (2545)/Pardubice 1994/EXT 97}) 11. Bf4 Nge7 12. Rc1
Ng6 13. Bg3 Be7 (13... Qb6 14. h4 h5 15. Bxg6 fxg6 16. Bf4 Be7 17. Be3 Qd8 18.
Nc5 O-O 19. Nxb7 Qb8 20. Nc5 Bxc5 21. Bxc5 Rf5 22. Nd4 Nxd4 23. Bxd4 Bb5 24.
Re1 Qe8 25. Qd2 Qe7 26. g3 g5 27. Bc5 Qd8 28. Qb4 Qe8 29. hxg5 Rxg5 30. Be7 Rg4
31. Qc5 Bd3 32. Qc6 Kf7 {
1/2-1/2 Nun,J (2430)-Bashkov,V (2470)/Ostrava 1991/CBM 26/[Knaak]}) 14. h4 Rc8
15. h5 Nf8 16. Nfd4 Qb8 17. Qg4 Rg8 18. Qe2 g6 19. Bh2 (19. Nb5 gxh5 20. Qxh5
Rxg3) (19. h6) 19... Nxd4 20. Nxd4 a6 21. Rxc8+ Qxc8 22. Qd2 Qd8 23. h6 Qb6 24.
Nb3 Bb4 (24... Ba4 25. Rc1) 25. Qf4 Bc6 26. Qf6 Be7 27. Qg7 a5 28. Bf4 a4 29.
Be3 Qb4 30. Nd4 Qxb2 31. Qxg8 Qxa2 32. Rc1 1-0

[Event "BEL-ch"]
[Site "Namur"]
[Date "2006.07.07"]
[Round "7"]
[White "Hautot, Stephane"]
[Black "Hovhanisian, Mher"]
[Result "1/2-1/2"]
[WhiteElo "2376"]
[BlackElo "2356"]
[PlyCount "42"]
[EventDate "2006.07.01"]
[EventType "swiss"]
[EventRounds "9"]
[EventCountry "BEL"]

1. e4 e6 2. d4 d5 3. Nc3 Bb4 4. e5 c5 5. a3 Ba5 6. b4 cxd4 7. Nb5 Bc7 8. f4 Nh6
9. Bd3 a5 10. Bd2 axb4 11. axb4 Rxa1 12. Qxa1 O-O 13. Nxc7 Qxc7 14. Nf3 Nf5 15.
Nxd4 Qb6 16. Nxf5 exf5 17. b5 Nd7 18. Qa5 Qc5 19. Ke2 Re8 20. Bb4 Qd4 21. Rf1
f6 1/2-1/2

[Event "BEL-ch"]
[Site "Namur"]
[Date "2006.07.07"]
[Round "7"]
[White "Claesen, Pieter"]
[Black "Laurent, Bruno"]
[Result "1/2-1/2"]
[WhiteElo "2402"]
[BlackElo "2359"]
[PlyCount "81"]
[EventDate "2006.07.01"]
[EventType "swiss"]
[EventRounds "9"]
[EventCountry "BEL"]

1. c4 e5 2. Nc3 Nf6 3. Nf3 Nc6 4. d4 e4 5. Nd2 Nxd4 6. Ndxe4 Nxe4 7. Qxd4 Nxc3
8. Qxc3 d5 9. e3 Be6 10. Be2 dxc4 11. Bxc4 Bxc4 12. Qxc4 c6 13. Bd2 Be7 14. Bc3
Bf6 15. Rd1 Qe7 16. Bxf6 Qxf6 17. Qb4 a5 18. Qb6 Qe7 19. Rd4 O-O 20. O-O a4 21.
Rb4 Rfb8 22. a3 h6 23. Rd1 Rd8 24. Rbd4 Rxd4 25. Rxd4 Kh7 26. Rb4 Qd8 27. g3
Qxb6 28. Rxb6 Rb8 29. Kf1 Kg6 30. Ke2 Kf6 31. Kd3 Ke6 32. Kc3 Kd6 33. Rb4 b5
34. Rd4+ Kc7 35. Rg4 g6 36. Rf4 f5 37. g4 fxg4 38. Rxg4 g5 39. h4 Rf8 40. hxg5
hxg5 41. f4 1/2-1/2

[Event "BEL-ch"]
[Site "Namur"]
[Date "2006.07.07"]
[Round "7"]
[White "Vandevoort, Pascal"]
[Black "Cekro, Ekrem"]
[Result "0-1"]
[WhiteElo "2402"]
[BlackElo "2394"]
[PlyCount "96"]
[EventDate "2006.07.01"]
[EventType "swiss"]
[EventRounds "9"]
[EventCountry "BEL"]

1. d4 Nf6 2. c4 e6 3. Nc3 Bb4 4. e3 O-O 5. Nge2 Re8 6. a3 Bf8 7. g3 d5 8. cxd5
exd5 9. Bg2 a5 10. O-O c6 11. Qc2 Nbd7 12. Bd2 Nb6 13. b3 a4 14. Nxa4 Nxa4 15.
bxa4 Ne4 16. Bb4 Nd6 17. Bxd6 Bxd6 18. Nc3 f5 19. Rfe1 Qe7 20. Qd3 Kh8 21. f3
Rd8 22. Kh1 Qf8 23. e4 dxe4 24. fxe4 Be5 25. d5 fxe4 26. Bxe4 cxd5 27. Bg2 Bf6
28. Ra2 Bxc3 29. Qxc3 Rxa4 30. Qb3 Ra5 31. Rf1 Qd6 32. Raf2 Be6 33. Qxb7 Rxa3
34. Re2 Raa8 35. Rfe1 Rab8 36. Qa7 Bg8 37. Re7 Qf6 38. Rf1 Qg6 39. Qd4 Rb1 40.
Ree1 Qb6 41. Qxb6 Rxb6 42. Rf2 h6 43. Rd2 d4 44. Kg1 Bh7 45. Bf1 d3 46. Bg2 Rc8
47. Re5 Rb1+ 48. Kf2 Rc2 0-1

[Event "BEL-ch"]
[Site "Namur"]
[Date "2006.07.08"]
[Round "8"]
[White "Wiley, Tom E"]
[Black "Vandevoort, Pascal"]
[Result "0-1"]
[WhiteElo "2317"]
[BlackElo "2412"]
[PlyCount "70"]
[EventDate "2006.07.01"]
[EventType "swiss"]
[EventRounds "9"]
[EventCountry "BEL"]

1. d4 e6 2. c4 Nf6 3. Nc3 Bb4 4. Qc2 O-O 5. a3 Bxc3+ 6. Qxc3 b6 7. Bg5 Bb7 8.
Nf3 d6 9. Nd2 Nbd7 10. f3 c5 11. dxc5 bxc5 12. e3 h6 13. Bh4 a5 14. b3 Qb6 15.
Be2 Rab8 16. O-O Ba6 17. Rfe1 Qc7 18. Bd3 Bb7 19. Rad1 e5 20. Bc2 Rfe8 21. Bxf6
Nxf6 22. Nf1 e4 23. f4 Qb6 24. Ng3 Rbd8 25. Re2 d5 26. Red2 d4 27. exd4 e3 28.
dxc5 Rxd2 29. Rxd2 (29. cxb6 Rxg2+ 30. Kf1 Ng4 31. Rd5 e2+ 32. Kxg2 e1=Q 33.
Qxe1 Rxe1 34. Be4) 29... Qxc5 30. Re2 Nd5 31. Qd3 Nxf4 32. Qh7+ Kf8 33. Nf5
Nxe2+ 34. Kh1 Bxg2+ 35. Kxg2 Qc6+ 0-1

[Event "BEL-ch"]
[Site "Namur"]
[Date "2006.07.08"]
[Round "8"]
[White "Geenen, Marc"]
[Black "Piceu, Tom"]
[Result "1/2-1/2"]
[WhiteElo "2343"]
[BlackElo "2345"]
[PlyCount "37"]
[EventDate "2006.07.01"]
[EventType "swiss"]
[EventRounds "9"]
[EventCountry "BEL"]

1. e4 c5 2. Nf3 d6 3. d4 cxd4 4. Nxd4 Nf6 5. Nc3 a6 6. Bg5 Nbd7 7. f4 b5 8.
Bxf6 Nxf6 9. e5 b4 10. Ncb5 dxe5 11. fxe5 axb5 12. exf6 Bd7 13. Bxb5 Bxb5 14.
Nxb5 Qb6 15. Qe2 Rb8 16. a4 bxa3 17. Nxa3 gxf6 18. Nc4 Qc7 19. O-O 1/2-1/2

[Event "BEL-ch"]
[Site "Namur"]
[Date "2006.07.08"]
[Round "8"]
[White "Geirnaert, Steven"]
[Black "Meessen, Rudolf"]
[Result "1-0"]
[WhiteElo "2357"]
[BlackElo "2316"]
[PlyCount "105"]
[EventDate "2006.07.01"]
[EventType "swiss"]
[EventRounds "9"]
[EventCountry "BEL"]

1. d4 e6 2. c4 f5 3. Nc3 Nf6 4. g3 Be7 5. Bg2 O-O 6. Nf3 d6 7. O-O a5 8. Qc2
Nc6 9. Rd1 Qe8 10. d5 Nb4 11. Qb1 e5 12. a3 Na6 13. b4 Qh5 14. c5 f4 15. gxf4
Bh3 16. fxe5 Ng4 17. Ne4 Bxg2 18. Kxg2 Rxf3 19. exf3 Qxh2+ 20. Kf1 Nxe5 21. Ke2
Nxf3 22. Be3 Qh5 23. Ng3 Nd4+ 24. Kd3 Qf3 25. Kxd4 axb4 26. axb4 Bf6+ 27. Kc4
b5+ 28. cxb6 Bxa1 29. Qxa1 cxb6 30. Qd4 Rc8+ 31. Kb3 b5 32. Rd3 Rc4 33. Qb6
Rxb4+ 34. Kc2 Rc4+ 35. Kd2 Nb4 36. Qd8+ Qf8 37. Qxf8+ Kxf8 38. Rb3 Rg4 39. Nf5
Nxd5 40. Rxb5 Nxe3 41. fxe3 h5 42. Nxd6 Ke7 43. Nf5+ Kf6 44. Nd4 Rg2+ 45. Kd3
h4 46. Rh5 g5 47. Rh6+ Kf7 48. Nf5 Ra2 49. e4 Rf2 50. Kd4 Rf3 51. Ke5 h3 52.
Rf6+ Ke8 53. Ng7+ 1-0

[Event "BEL-ch"]
[Site "Namur"]
[Date "2006.07.08"]
[Round "8"]
[White "Cekro, Ekrem"]
[Black "Hautot, Stephane"]
[Result "1-0"]
[WhiteElo "2394"]
[BlackElo "2376"]
[PlyCount "81"]
[EventDate "2006.07.01"]
[EventType "swiss"]
[EventRounds "9"]
[EventCountry "BEL"]

1. c4 c5 2. g3 Nc6 3. Bg2 g6 4. Nc3 Bg7 5. Nf3 e5 6. O-O d6 7. d3 Nge7 8. a3
O-O 9. Rb1 a5 10. Ne1 Be6 11. Nc2 d5 12. b3 h6 13. cxd5 Nxd5 14. Bd2 Kh7 15.
Ne3 Nde7 16. Na4 b6 17. b4 cxb4 18. axb4 Ra7 19. bxa5 bxa5 20. Nc5 Bc8 21. Qa4
Nd4 22. Rfe1 f5 23. Nc4 Qc7 24. e3 Nc2 25. Rec1 Qxc5 26. Nxa5 Qd6 27. Qxc2 Rd8
28. Bb4 Qa6 29. Qc4 Qf6 30. Bxe7 Rxe7 31. Nc6 Rc7 32. Nxd8 Rxc4 33. Rxc4 Qxd8
34. Rb8 Qxd3 35. Rbxc8 f4 36. Bf1 Qd7 37. R8c7 Qd8 38. exf4 exf4 39. Ra7 fxg3
40. hxg3 Qg8 41. Rcc7 1-0

[Event "BEL-ch"]
[Site "Namur"]
[Date "2006.07.08"]
[Round "8"]
[White "Claesen, Pieter"]
[Black "Henris, Luc"]
[Result "1/2-1/2"]
[WhiteElo "2402"]
[BlackElo "2311"]
[PlyCount "67"]
[EventDate "2006.07.01"]
[EventType "swiss"]
[EventRounds "9"]
[EventCountry "BEL"]

1. d4 f5 2. Nc3 Nf6 3. Bg5 d5 4. Bxf6 exf6 5. e3 Be6 6. h4 h5 7. Nh3 Qd7 8. Nf4
Bf7 9. Bb5 c6 10. Bd3 Bd6 11. Nce2 g6 12. c3 Qc7 13. Qb3 Nd7 14. c4 dxc4 15.
Bxc4 Nb6 16. Be6 Kf8 17. O-O-O Re8 18. Bxf7 Qxf7 19. d5 Bxf4 20. Nxf4 Nxd5 21.
Nxd5 cxd5 22. Rxd5 Kg7 23. Rhd1 Re7 24. Qa4 Rc8+ 25. Kb1 Qe6 26. Rd7 Rc7 27.
Rxe7+ Qxe7 28. Rd4 a6 29. a3 Qe6 30. g3 Kh6 31. Qd1 Rc6 32. Qd2 Rc7 33. Ka1 Kg7
34. Kb1 1/2-1/2

[Event "BEL-ch"]
[Site "Namur"]
[Date "2006.07.08"]
[Round "8"]
[White "Hovhanisian, Mher"]
[Black "Mohandesi, Shahin"]
[Result "0-1"]
[WhiteElo "2356"]
[BlackElo "2346"]
[PlyCount "90"]
[EventDate "2006.07.01"]
[EventType "swiss"]
[EventRounds "9"]
[EventCountry "BEL"]

1. d4 d5 2. c4 c6 3. Nc3 Nf6 4. Nf3 a6 5. c5 Bg4 6. Ne5 Bf5 7. Qb3 Ra7 8. g3
Nbd7 9. Nxd7 Nxd7 10. f4 g6 11. Bg2 Bg7 12. Be3 O-O 13. h3 b6 14. cxb6 Nxb6 15.
Bf2 Rb7 16. g4 Bc8 17. Qc2 Qd6 18. e3 c5 19. dxc5 Qxc5 20. O-O e6 21. e4 d4 22.
e5 Rd8 23. Rad1 Rbd7 24. Qb3 Qa5 25. Ne4 Nd5 26. Rc1 Rb7 27. Be1 Qb5 28. Qxb5
Rxb5 29. Nd6 Rb8 30. Ba5 Rf8 31. Bxd5 exd5 32. b3 g5 33. fxg5 Bxe5 34. Nf5 Bxf5
35. Rxf5 Rfe8 36. Kg2 Bg7 37. Rxd5 Re2+ 38. Kf3 Rxa2 39. b4 Re8 40. Kg3 Re3+
41. Kh4 Rh2 42. Rc8+ Bf8 43. g6 Rhxh3+ 44. Kg5 h6+ 45. Kf6 Rhf3+ 0-1

[Event "BEL-ch"]
[Site "Namur"]
[Date "2006.07.08"]
[Round "8"]
[White "Werksma, Arie"]
[Black "Saiboulatov, Danial"]
[Result "1/2-1/2"]
[WhiteElo "2272"]
[BlackElo "2414"]
[PlyCount "58"]
[EventDate "2006.07.01"]
[EventType "swiss"]
[EventRounds "9"]
[EventCountry "BEL"]

1. Nf3 d5 2. b3 Bg4 3. Ne5 Bf5 4. Bb2 Nf6 5. e3 Nbd7 6. Be2 e6 7. c4 Be7 8. O-O
O-O 9. d3 c6 10. Nd2 Nxe5 11. Bxe5 Nd7 12. Bb2 Bf6 13. Bxf6 Qxf6 14. d4 a5 15.
a3 Rfd8 16. cxd5 exd5 17. b4 Qg6 18. Re1 b5 19. Qb3 Nb6 20. Rec1 a4 21. Qc3 Rd6
22. Nf1 Nc4 23. Ra2 Re8 24. Ng3 Bd7 25. Re1 Qg5 26. e4 Qh4 27. e5 Rh6 28. Nf1
Bf5 29. Bf3 Bd7 1/2-1/2

[Event "BEL-ch"]
[Site "Namur"]
[Date "2006.07.09"]
[Round "9"]
[White "Vanderstricht, Geert"]
[Black "Claesen, Pieter"]
[Result "1/2-1/2"]
[WhiteElo "2417"]
[BlackElo "2366"]
[PlyCount "47"]
[EventDate "2006.07.01"]
[EventType "swiss"]
[EventRounds "9"]
[EventCountry "BEL"]

1. d4 d5 2. c4 c6 3. Nf3 Nf6 4. Nc3 dxc4 5. a4 Bf5 6. Ne5 Nbd7 7. Nxc4 Nb6 8.
Ne5 a5 9. f3 Nfd7 10. e4 Nxe5 11. exf5 Ned7 12. d5 cxd5 13. Nxd5 e6 14. fxe6
fxe6 15. Nxb6 Bb4+ 16. Bd2 Qxb6 17. Bxb4 Qxb4+ 18. Qd2 Qxd2+ 19. Kxd2 Nc5 20.
Ke3 Ke7 21. Bb5 Rhd8 22. Rhd1 e5 23. Rab1 Ne6 24. Rxd8 1/2-1/2

[Event "BEL-ch"]
[Site "Namur"]
[Date "2006.07.09"]
[Round "9"]
[White "Saiboulatov, Danial"]
[Black "Cekro, Ekrem"]
[Result "1/2-1/2"]
[WhiteElo "2413"]
[BlackElo "2416"]
[PlyCount "37"]
[EventDate "2006.07.01"]
[EventType "swiss"]
[EventRounds "9"]
[EventCountry "BEL"]

1. e4 g6 2. d4 Bg7 3. Nc3 c6 4. h3 d5 5. Nf3 dxe4 6. Nxe4 Nd7 7. c3 Ngf6 8.
Nxf6+ Nxf6 9. Bd3 O-O 10. O-O Be6 11. Re1 Bd5 12. Ne5 Nd7 13. Ng4 f5 14. Nh6+
Kh8 15. c4 Bg8 16. Nxg8 Rxg8 17. Bg5 Nf6 18. Qb3 Qd7 19. Rad1 1/2-1/2

[Event "BEL-ch"]
[Site "Namur"]
[Date "2006.07.09"]
[Round "9"]
[White "Vandevoort, Pascal"]
[Black "Werksma, Arie"]
[Result "1-0"]
[WhiteElo "2402"]
[BlackElo "2272"]
[PlyCount "69"]
[EventDate "2006.07.01"]
[EventType "swiss"]
[EventRounds "9"]
[EventCountry "BEL"]

1. d4 Nf6 2. c4 e6 3. Nc3 Bb4 4. e3 O-O 5. Nge2 d5 6. cxd5 exd5 7. g3 Re8 8.
Bg2 a5 9. O-O Bf8 10. Qc2 Nc6 11. a3 Ne7 12. Kh1 Ra6 13. Nf4 Rd6 14. f3 Nf5 15.
Qf2 c6 16. g4 Ne7 17. g5 Nd7 18. e4 Ng6 19. Nfe2 Be7 20. f4 dxe4 21. Nxe4 Rd5
22. f5 Ngf8 23. N2c3 Nb6 24. f6 gxf6 25. gxf6 Bd6 26. Nxd5 Nxd5 27. Qh4 Ng6 28.
Qh5 Rxe4 29. Bxe4 Nxf6 30. Bg5 Be7 31. Bxf6 Bxf6 32. Qf3 Kg7 33. Rad1 Qd6 34.
d5 c5 35. Rd2 1-0

[Event "BEL-ch"]
[Site "Namur"]
[Date "2006.07.09"]
[Round "9"]
[White "Mohandesi, Shahin"]
[Black "Henris, Luc"]
[Result "1-0"]
[WhiteElo "2346"]
[BlackElo "2311"]
[PlyCount "89"]
[EventDate "2006.07.01"]
[EventType "swiss"]
[EventRounds "9"]
[EventCountry "BEL"]

1. d4 d5 2. c4 e5 3. dxe5 d4 4. Nf3 Nc6 5. a3 Bg4 6. Nbd2 Qe7 7. h3 Bh5 8. g4
Bg6 9. Bg2 O-O-O 10. Qb3 (10. O-O h5 11. g5 h4 12. b4 f6 13. exf6 gxf6 14. Nb3
Ne5 15. Nxe5 Qxe5 16. f4 Qe8 17. f5 Bh5 18. Na5 d3 19. Bxb7+ Kb8 20. Nc6+ Kxb7
21. Nxd8+ Qxd8 22. Qxd3 Qxd3 23. exd3 Be2 24. Rf2 Bxd3 25. Bb2 Bxc4 26. gxf6
Nh6 27. Be5 Nf7 28. Bf4 Bd5 29. Rd1 c6 30. Re1 Ng5 31. Bxg5 Rg8 32. Re7+ Bxe7
33. fxe7 Rxg5+ 34. Kf1 Bf7 35. Rf4 Kc7 36. Ke2 Kd7 37. f6 Ke6 38. Kd2 Be8 39.
Kc3 Rg3+ 40. Kb2 Rxh3 41. Rf2 Rg3 {0-1 Mikenas,V-Mosionzhik,I/Riga 1968/MCD})
10... h5 11. Nf1 (11. g5) 11... hxg4 (11... d3 12. e3 f6 13. Nd4) (11... f6)
12. hxg4 Rxh1 13. Bxh1 d3 (13... Qe6) 14. e3 Be4 15. Ng3 d2+ 16. Bxd2 Nxe5 17.
Nxe5 (17. Nxe4 Nd3+ 18. Kf1 Qxe4 19. Bg2 Nc5) (17. Bb4 Qe8 (17... Nd3+ 18. Ke2
Nxb4 19. Nxe4 Nc6) 18. Nxe4 Nd3+ 19. Ke2 Qxe4 20. Bxf8 Nf4+ 21. Kf1) 17... Bxh1
18. O-O-O Qxe5 19. Rxh1 Qe6 20. g5 (20. f3) 20... Ne7 21. Qc2 Qg4 22. Ne4 Qf3
23. Rg1 Nf5 24. Kb1 Re8 25. Ng3 Nxg3 26. fxg3 Bc5 27. Bc1 g6 28. Qg2 Qf5+ 29.
Ka2 Qxg5 30. Rd1 Qg4 (30... Bd6) (30... Qe5) (30... f5 31. g4 Qxg4 (31... fxg4
32. Rd5) 32. Qd5) 31. Qd5 c6 32. Qxf7 Rf8 33. Rd4 Qxg3 $4 (33... Qf5 34. Qxf5+
gxf5 35. Rh4 Re8) 34. Qd7+ Kb8 35. Re4 $4 (35. Rf4) 35... a6 36. Bd2 Qf2 (36...
Qg5 37. b4 (37. Bc3 Qf5 38. Re6) 37... Qf5) 37. Re5 Qf6 $4 (37... Rf5 38. Bc3 (
38. Rxc5 Rxc5 39. Qd6+ Kc8 40. e4 Qe2) 38... Rxe5 39. Bxe5+ Ka7 40. Qd8 Qf8 41.
Bb8+ Ka8) 38. Rxc5 Rd8 39. Bc3 Qf8 40. Bg7 Qg8 41. Be5+ Ka8 42. Qc7 Qe8 43. Bd4
Rd7 44. Qb6 Qe6 45. Qb4 1-0

[Event "BEL-ch"]
[Site "Namur"]
[Date "2006.07.09"]
[Round "9"]
[White "Hautot, Stephane"]
[Black "Denayer, Eric"]
[Result "1-0"]
[WhiteElo "2308"]
[BlackElo "2251"]
[PlyCount "75"]
[EventDate "2006.07.01"]
[EventType "swiss"]
[EventRounds "9"]
[EventCountry "BEL"]

1. d4 Nf6 2. Bg5 d5 3. e3 e6 4. Nd2 Be7 5. Bd3 b6 6. Ngf3 Bb7 7. Ne5 Nfd7 8.
Bxe7 Qxe7 9. f4 f5 10. Qh5+ g6 11. Qh6 Nxe5 12. fxe5 Nc6 13. c3 Nd8 14. O-O Nf7
15. Qf4 g5 16. Qf2 g4 17. Rac1 Ng5 18. c4 dxc4 19. Bxc4 O-O 20. a3 Kh8 21. Qf4
Rg8 22. Bb5 c5 23. dxc5 bxc5 24. Nc4 Raf8 25. Nd6 Nh3+ 26. gxh3 gxh3+ 27. Kf2
Rg4 28. Qh6 Rh4 29. Qxf8+ Qxf8 30. Nxb7 Qg7 31. Nd6 Qg2+ 32. Ke1 Qxh2 33. Rxc5
Qg3+ 34. Kd2 h2 35. Rc8+ Kg7 36. Rc7+ Kf8 $4 (36... Kh6 37. Nf7+ Kg6 38. Nh8+
Kh6 $11) 37. Rfc1 $4 (37. Rxf5+ Kg8 (37... exf5 38. Rc8+ Kg7 (38... Ke7 39.
Re8#) 39. Nxf5+ Kf7 40. Nxg3) 38. Rc8+ Kg7 39. Rf7+ Kh6 40. Rf6+ Qg6 (40... Kg7
41. Ne8+ Kh8 42. Nc7+ Kg7 43. Nxe6#) 41. Bc6) 37... h1=Q $4 (37... Qg2+ 38. Kd3
Qd5+ 39. Ke2 $11) 38. Rf7+ 1-0

[Event "BEL-ch"]
[Site "Namur"]
[Date "2006.07.09"]
[Round "9"]
[White "Piceu, Tom"]
[Black "Wiley, Tom E"]
[Result "1/2-1/2"]
[WhiteElo "2345"]
[BlackElo "2317"]
[PlyCount "101"]
[EventDate "2006.07.01"]
[EventType "swiss"]
[EventRounds "9"]
[EventCountry "BEL"]

1. d4 Nf6 2. c4 e6 3. Bg5 Bb4+ 4. Nd2 c5 5. a3 Bxd2+ 6. Qxd2 cxd4 7. Nf3 Nc6 8.
Nxd4 Ne4 9. Nxc6 bxc6 10. Bxd8 Nxd2 11. Kxd2 Kxd8 12. b4 d5 13. cxd5 cxd5 14.
e3 Bd7 15. Ba6 Rb8 16. Rhc1 Bb5 17. Bxb5 Rxb5 18. Rc6 Kd7 19. Rac1 Rb7 20. Kd3
Ra8 21. Ra6 Rc8 22. Rxc8 Kxc8 23. Kd4 Rc7 24. Ra5 Kd7 25. Rc5 Rb7 26. f4 Kd6
27. h4 f6 28. g4 h6 29. f5 e5+ 30. Kd3 Rd7 31. Ra5 Kc6 32. Ra6+ Kb5 33. Ra5+
Kb6 34. a4 d4 35. Rb5+ Kc6 36. Rc5+ Kb7 37. Rb5+ Kc6 38. e4 Rc7 39. g5 hxg5 40.
hxg5 Kd6 41. g6 Rc3+ 42. Kd2 Kc7 43. Ra5 Kb6 44. Rd5 Kc7 45. a5 Ra3 46. Rc5+
Kb7 47. Rc1 a6 48. Rc5 Rb3 49. Rd5 Kc7 50. Rc5+ Kb7 51. Rd5 1/2-1/2